| 000 | 00881nam a22002657a 4500 | ||
|---|---|---|---|
| 001 | 9300 | ||
| 003 | FISKH | ||
| 005 | 20251209140221.0 | ||
| 008 | 251209b cb ||||| |||| 00| 0 eng d | ||
| 040 |
_aFISKH _beng _cFISKH _dFISKH |
||
| 050 | _aPZ5.B42 | ||
| 082 | _a808.83 | ||
| 100 |
_aMacnab, Mary _eAuthor |
||
| 245 | _aBest in children's books / | ||
| 260 |
_aNew York : _bNelson Doubleday , _c1963 |
||
| 300 |
_a156 pages : _bcolor illustrations ; _c22 cm |
||
| 490 |
_aBest in children's books _v10 |
||
| 505 | _aL | ||
| 520 | _aThis book is a collection of selected stories, poems, and short readings for children, designed to give young readers a variety of enjoyable and age-appropriate literature. | ||
| 521 | 8 |
_a600
_bLexile estimate |
|
| 521 | 8 |
_aL
_bRaz-Plus |
|
| 650 |
_aLassie Come-Home _vThe three little pigs |
||
| 942 |
_2ddc _cBK _n0 |
||
| 999 |
_c9300 _d9300 |
||